000 00347pab a2200145 454500
008 180718b1998 xxu||||| |||| 00| 0 eng d
245 _aREVIEW of agriculture
260 _c1998
300 _ap.A118-68
362 _a26 Sep
650 _aAgriculture - India
650 _aAgriculture
773 _aEconomic and Political Weekly
909 _a38858
999 _c38858
_d38858